Life insurance in estate planning

Bibliographic Details
Main Author: Munch, James C. (Author)
Format: Book
Language:English
Published: Boston : Little, Brown and Company 1981
Series:Little, Brown estate series
Subjects:

MARC

LEADER 00000cam a2200000 7i4500
001 0000010116
005 20240918.0
008 231124 mau eng
040 |a INS   |b eng   |e rda 
090 0 0 |a KF1175   |b .M86 1981 
100 1 |a Munch, James C. ,   |e author 
245 1 0 |a Life insurance in estate planning   |c James C. Munch, Jr. 
264 1 |a Boston :   |b Little, Brown and Company   |c 1981 
264 4 |c ©1981 
300 |a xxix, 708 pages :   |b forms ;   |c 24 cm. 
336 |a text  |2 rdacontent 
337 |a unmediated  |2 rdamedia 
337 |a volume  |2 rdacarrier 
490 0 |a Little, Brown estate series 
504 |a Includes bibliographical references and index 
650 0 |a Estate planning   |z United States 
650 0 |a Life insurance   |x Law and legislation   |z United States 
650 0 |a Life insurance   |x Taxation   |x Law and legislation   |z United States 
999 |a 0000001985   |b BOOK   |c Open Shelf   |e Default branch